01013nam a2200229 a 450000100100000000500170001000800410002702000180006804000250008608200150011110000310012624500740015726000370023130000350026850000470030350400300035059000260038095201280040695201130053495201190064799900170076600004693020201002053223.0180406s2015 dr ac 000 0 spa d a9789945123180 aDO-SdBNPbspacBNPHU axxxxbxxxx1 aOviedo, Rosa Divina96938510aAmanecer 01 :bmi libro de educación inicial /cRosa Divina Oviedo. aSanto Domingo :bSusaeta,c2015. a276, [277] p. :bil. ;c22 cm. aEnfoque por competencias nuevo currículo aBibliografía : [277] p. aInventariado, 2018/LP 001054708DSaGRbGRcHDd2018-04-06iLF1l0oxxxx xxxxp46930-30r2020-06-25te. 3w2020-06-25yLFDSZPréstamo en sala 0010718PDaPDbPDcHDd2018-04-06iLF1l0oxxxx xxxxp46930-10r2020-06-25w2020-06-25yLFPDZNo se presta 0010718PDaPDbPDcHDd2018-04-06iLF1l0oxxxx xxxxp46930-20r2020-06-25te. 2w2020-06-25yLFPDZNo se presta c46418d46418